|
|
|
|
| LEADER |
00963nam a2200277 a 4500 |
| 001 |
201454 |
| 008 |
100427r1999 inua 001 0 eng d |
| 010 |
|
|
|a 99061028
|
| 020 |
|
|
|a 8120316088
|
| 020 |
|
|
|a 0789719711
|
| 040 |
|
|
|a DLC
|c DLC
|d DLC
|d BD-DhAAL
|
| 082 |
0 |
0 |
|a 006.6/869
|2 21
|
| 100 |
1 |
|
|a Bain, Steve.
|
| 245 |
1 |
0 |
|a Using CorelDRAW 9 /
|c Steve Bain with D. Scott Campbell.
|
| 246 |
3 |
|
|a Special edition using CorelDRAW 9
|
| 250 |
|
|
|a Special ed.
|
| 260 |
|
|
|a Indianapolis, IN :
|b Que, ;
|a New Delhi :
|b Pretice Hall,
|c c1999.[Reprinted]
|
| 300 |
|
|
|a xvi, 1019 p. :
|b ill. ;
|c 23 cm.
|
| 504 |
|
|
|a Includes Index.
|
| 541 |
1 |
|
|e 00010550
|
| 650 |
|
0 |
|a Computer graphics.
|
| 630 |
0 |
0 |
|a CorelDRAW!
|
| 700 |
1 |
|
|a Campbell, D. Scott.
|
| 852 |
4 |
|
|a Ayesha Abed Library
|j General shelf
|
| 999 |
|
|
|c 8274
|d 8274
|
| 952 |
|
|
|0 0
|1 0
|2 ddc
|4 0
|6 006_686900000000000_BAI_1999
|7 0
|9 9497
|a BRACUL
|b BRACUL
|c GEN
|d 2010-04-27
|l 0
|o 006.6869 BAI
|p 3010010550
|r 2010-04-27
|t 1
|w 2010-04-27
|y BK
|